000
00257nam a2200109Ia 4500
008
190216s9999||||xx |||||||||||||| ||und||
100
_a
James A Cashin
245
0
_a
Theory And Problems Of Accounting Ii
260
_b
Null
_c
1981
300
_a
278p
942
_c
BK
999
_c
4899
_d
4899